000 00310nam a2200121Ia 4500
008 220217s9999||||xx |||||||||||||| ||und||
082 _a510 CHA
100 _aK.S.C
245 0 _aEngineering mathematics part IV
260 _aSudha publications
_bBangalore
_c2001
300 _b185
650 _aMATHEMATICS
999 _c168217
_d168217